The constitution of Malaysia
| Format: | Book |
|---|---|
| Published: |
Sheridan & Groves :
Malayan Law Journal ,
2004
|
| Edition: | 5nd ed. |
| Subjects: |
MARC
| LEADER | 00000cam a2200000 7i4500 | ||
|---|---|---|---|
| 001 | 0000003794 | ||
| 005 | 20110701.0 | ||
| 020 | 0 | 0 | |a 9789679625059 |
| 090 | 0 | 0 | |a R 959.5005 |b CON 2004 |
| 245 | 1 | 0 | |a The constitution of Malaysia |
| 250 | 0 | 0 | |a 5nd ed. |
| 260 | 0 | 0 | |a Sheridan & Groves : |b Malayan Law Journal , |c 2004 |
| 300 | |a xvii, 899p. ; |c 25cm. | ||
| 650 | 0 | 0 | |a Federal constitutions |
| 650 | 0 | 0 | |a Law and legislation---Malaysia |
| 650 | 0 | 0 | |a Perlembagaan persekutuan |
| 998 | |a JPSM | ||
| 999 | |a 007649 |b Monograph |c Reference |e Default branch | ||